Vyučovanie e-elarningovou formou ako cesta k zúročeniu počítačovej gramotnosti súčasnej mladej generácie

Predpoklady e-learningu na stredných školách na Slovensku. Prieskum prostredníctvom online dopytovania na vzorke 502 náhodne vybraných študentov. Výsledky prieskumu.

Gespeichert in:
Bibliographische Detailangaben
1. Verfasser: Krošláková, Monika, 1975-
Weitere Verfasser: Jurkovičová, Lujza
Format: Buchkapitel
Sprache:Slowakisch
Schlagworte:
Tags: Tag hinzufügen
Keine Tags, Fügen Sie das erste Tag hinzu!

MARC

LEADER 00000nla a2200000 4500
001 0167814
005 20240530102111.3
041 0 |a slo 
044 |a SK 
245 1 0 |a Vyučovanie e-elarningovou formou ako cesta k zúročeniu počítačovej gramotnosti súčasnej mladej generácie  |c Monika Krošláková, Lujza Jurkovičová 
520 |a Predpoklady e-learningu na stredných školách na Slovensku. Prieskum prostredníctvom online dopytovania na vzorke 502 náhodne vybraných študentov. Výsledky prieskumu. 
610 2 0 |a vzdelávanie elektronické 
610 2 0 |a školy stredné 
610 2 0 |a študenti 
610 2 0 |a počítače 
610 2 0 |a internet 
610 2 0 |a informácie 
610 2 0 |a prieskum 
610 2 0 |a Slovensko 
100 1 |a Krošláková, Monika, 1975- 
700 1 |a Jurkovičová, Lujza